All English Football Stadia - Statistics

General Stats
  • This quiz has been taken 62 times
    47 since last reset
  • The average score is 46 of 116
Answer Stats
Team Stadium % Correct
Chelsea Stamford Bridge
96%
Arsenal The Emirates
96%
Liverpool Anfield
93%
Manchester City The Etihad
93%
Aston Villa Villa Park
93%
West Ham United London Stadium
89%
Manchester United Old Trafford
89%
Exeter City | Newcastle United St. James' Park
89%
Fulham Craven Cottage
86%
Everton Goodison Park
86%
Leicester City King Power Stadium
86%
Crystal Palace Selhurst Park
86%
Tottenham Hotspur Tottenham Hotspur Stadium
86%
Leeds United Elland Road
79%
Wolverhampton Wanderers Molineux
79%
Brighton and Hove Albion The Amex
79%
Bournemouth Vitality Stadium
79%
QPR Loftus Road
75%
Southampton St. Mary's
75%
Nottingham Forest The City Ground
75%
Brentford Brentford Community Stadium
71%
Sunderland Stadium of Light
71%
Birmingham City St. Andrew's
71%
Norwich City Carrow Road
68%
Millwall The Den
68%
Charlton Athletic The Valley
68%
Burnley Turf Moor
68%
Bristol City Ashton Gate
64%
Sheffield United Bramall Lane
64%
Watford Vicarage Road
64%
Stoke City Bet365 Stadium
61%
Blackburn Rovers Ewood Park
61%
Sheffield Wednesday Hillsborough
61%
West Bromwich Albion The Hawthorns
61%
Wigan Athletic DW Stadium
57%
Derby County Pride Park
57%
Middlesbrough Riverside Stadium
57%
Blackpool Bloomfield Road
54%
Cardiff City Cardiff City Stadium
54%
Portsmouth Fratton Park
54%
Preston North End Deepdale
50%
Plymouth Argyle Home Park
50%
Huddersfield Town John Smith's Stadium
50%
Luton Town Kenilworth Road
50%
Swansea City Liberty Stadium
50%
MK Dons Stadium MK
46%
Reading Madejski Stadium
43%
Ipswich Town Portman Road
43%
Lincoln City Sincil Bank
43%
Bradford City Valley Parade
43%
Oxford United Kassam Stadium
39%
Rotherham United New York Stadium
39%
Barnsley Oakwell Stadium
39%
Coventry City Coventry Building Society Arena
36%
Bolton Wanderers University of Bolton Stadium
36%
Peterborough United London Road
32%
Bristol Rovers Memorial Stadium
32%
Accrington Stanley Wham Stadium
32%
Cambridge United Abbey Stadium
29%
Hull City The MKM Stadium
29%
Wrexham The Racecourse Ground
29%
Wycombe Wanderers Adams Park
25%
Crewe Alexandra Alexandra Stadium
25%
Leyton Orient Brisbane Road
25%
Carlisle United Brunton Park
25%
Fleetwood Town Highbury
25%
Burton Albion Pirelli Stadium
25%
Tranmere Rovers Prenton Park
25%
Northampton Town Sixfields Stadium
25%
Swindon Town The County Ground
25%
Forest Green Rovers The New Lawn
25%
Port Vale Vale Park
25%
Cheltenham Town Whaddon Road
25%
Notts County Meadow Lane
21%
Shrewsbury Town New Meadow
21%
AFC Wimbledon Plough Lane
21%
Gillingham Priestfield Stadium
21%
Hartlepool United Victoria Park
21%
Walsall Bescot Stadium
18%
Colchester United Colchester Community Stadium
18%
Mansfield Town Field Mill
18%
Southend United Roots Hall
18%
Grimsby Town Blundell Park
14%
Crawley Town Broadfield Stadium
14%
Barnet Hive Stadium
14%
Yeovil Town Huish Park
14%
Morecambe Mazuma Stadium
14%
Torquay United Plainmoor
14%
York City York Community Stadium
14%
Oldham Athletic Boundary Park
11%
Doncaster Rovers Eco-Power Stadium
11%
Gateshead Gateshead International Stadium
11%
Salford City Peninsula Stadium
11%
Rochdale Spotland Stadium
11%
Dagenham and Redbridge Victoria Road
11%
Stevenage Broadhall Way
7%
Maidstone United Gallagher Stadium
7%
Scunthorpe United Glanford Park
7%
Bromley Hayes Lane
7%
Barrow Holker Street
7%
Dorking Wanderers Meadowbank Stadium
7%
Newport County Newport Stadium
7%
Halifax The Shay
7%
Stockport County Edgeley Park
4%
Sutton United Gander Green Lane
4%
Boreham Wood Meadow Park
4%
Aldershot Town Recreation Ground
4%
Maidenhead United York Road
4%
Solihull Moors Damson Park
0%
Wealdstone Grosvenor Vale
0%
Altrincham J Davidson Stadium
0%
Woking Kingfield Stadium
0%
Chesterfield Technique Stadium
0%
Eastleigh Ten Acres
0%
Harrogate Town Wetherby Road
0%
No matching quizzes found
Score Distribution
Percent of People with Each Score
Percentile by Number Answered
Your Score History
You have not taken this quiz since the last reset